Представление документа в формате RUSMARC

ПолеНазваниеЗначение
  Тип записи a
  Библиографический уровень m
001 Контрольный номер RU/IS/BASE/403019190
005 Дата корректировки 20180512104026.9
010 Индекс ISBN __
a ISBN 978-5-699-53082-3
d Цена 302-15
021 № государственной регистрации __
b № документа 12-13474
100 Данные общей обработки __
a Данные общей обработки 19120305d2012 |||y1rusy0189 ca
101 Язык документа __
a Язык текста rus
102 Страна публикации __
a Страна публикации ru
102 Страна публикации __
a Страна публикации ru
105 Кодированные данные (монография) __
a Кодированные данные (монография) a zzzz000zy
200 Заглавие и сведения об ответственности __
a Заглавие Наш мозг от А до Я
f Первые сведения об ответственности Андрей Дианов
210 Выходные данные __
a Место издания Москва
c Издательство Эксмо
d Дата издания 2012
215 Физическое описание __
a Объем 191 с.
c Иллюстрации/тип воспроизводства цв. ил.
225 Серия (Журнальная рубрика) __
a Серия (Журнальная рубрика) Психология. Энциклопедии про жизнь
320 Библиография __
a Библиография Библиогр.: с. 191
330 Аннотация __
a Аннотация Человеческий мозг - самое совершенное и загадочное создание природы: вокруг него буквально выстроена баррикада из мистификаций и заблуждений. Мы предлагаем вам отправиться в увлекательнейшее путешествие в глубины человеческого мозга и лучше понять самих себя.
606 Тематические рубрики __
a Основная рубрика Психология
606 Тематические рубрики __
a Основная рубрика Развитие психики
606 Тематические рубрики __
a Основная рубрика Особые состояния и явления психики
610 Ключевые слова __
a Ключевые слова анатомия мозга
a Ключевые слова гипноз
a Ключевые слова мозг (психол.)
a Ключевые слова мышление (психол.)
a Ключевые слова память (психол.)
a Ключевые слова сновидения
a Ключевые слова сон
686 Индексы других классификаций __
2 Код системы rubbk
a Индекс ББК 88.2
686 Индексы других классификаций __
a Индекс ББК 88.6
700 Автор _1
a Фамилия Дианов
b Имя А.
g Полное личное имя Андрей
801 Источник записи _0
a Страна ru
b Организация RuMoRKP
c Дата составления 20120305
801 Источник записи _1
a Страна ru
b Организация РГБ
c Дата составления 20120305
801 Источник записи _2
a Страна ru
b Организация Центральная районная библиотека им. Г. А. Пирожникова
c Дата составления 20120305
852 Данные о местонахождении __
j Шифр хранения 88.2
i Авторский знак Д 44
b Сигла хранения ООЧ
901 Тип документа __
t Тип документа m
902 Роль лиц __
a Создатель БЗ ОКиО/Шумских
905 Дата создания БЗ __
a Дата создания БЗ 2012.10.10
990 Данные о заказе (DOS) __
j Количество экземпляров (DOS) 1
h N записи в КСУ для Б/У (DOS) 2012-8